000 01209cam a2200313 a 4500
001 15449181
005 20170105102352.0
008 080912s2011 maua 001 0 eng
010 _a 2008040467
020 _a9780763759957 (pbk.)
020 _a0763759953 (pbk.)
035 _a(OCoLC)ocn257555232
040 _aDLC
_cDLC
_dYDX
_dYDXCP
_dCDX
_dNTE
_dDLC
050 0 0 _aQA303
_b.Z523 2011
082 0 0 _a515
_222
100 1 _aZill, Dennis G.,
_d1940-
245 1 0 _aCalculus : early transcendentals
_bearly transcendentals
_cDennis G. Zill, Warren S. Wright.
250 _a4th ed.
260 _aSudbury, Mass. :
_bJones and Bartlett Publishers,
_cc2011.
300 _axxxii, 896, [88] p. :
_bill. (some col.) ;
_c29 cm.
490 0 _aThe Jones and Bartlett Publishers series in mathematics. Calculus
500 _aIncludes Index.
650 0 _aCalculus.
700 1 _aWright, Warren S.
856 4 1 _3Table of contents only
_uhttp://www.loc.gov/catdir/toc/ecip0828/2008040467.html
906 _a7
_bcbc
_corignew
_d1
_eecip
_f20
_gy-gencatlg
942 _2ddc
_cBK
999 _c11987
_d11987